000 00609cam a22002053a 4500
001 44728
003 PGUSA
005 20140828084024.0
008 140122s2014||||xxu|||||s|||||000 | eng d
040 _aPGUSA
_beng
042 _adc
100 1 _aRivers, W. H. R.
_q(William Halse Rivers),
_d1864-1922
245 1 0 _aKinship and Social Organisation
_h[electronic resource] /
_cW. H. R. Rivers
260 _bProject Gutenberg,
_c2014
506 _aPublic domain in the USA.
516 _aElectronic text
830 0 _aProject Gutenberg
_v44728
856 4 0 _uhttp://www.gutenberg.org/ebooks/44728
942 _cEB
999 _c273979
_d273979